00621nas a22002177a 4500003000400000005001700004008004100021022001400062022002400076040000800100041000800108245009000116260002900206300004200235310003200277650002300309700003000332856001800362942000800380999001500388IIN20260529115915.0260527c2018 |||gr|j| |||| 00| 0 eng d a2581-9062 a2581–9062 (eISSN) aIIN aeng aInternational Journal of Geriatric Nursing (IJGN)cedited by S.S. Sharmila Jansi Rani aNoidabJournalsPubc2018 aVol.1, no.1 (JAN-JUN, JUL-DEC)-bill. aBi-annualbJAN-JUN, JUL-DEC aGeriatricxNursing aRani, S.S. Sharmila Jansi u10.37628/IJGN cSER c1901d1901